00710nam a2200217 a 4500008004100000020001600041100002000057245006500077250001200142260005300154300003500207500006300242504004100305500002000346650001700366700002200383700006000405003000100465005001700466040000900483  a0139137246 1 aSmith, Barry D.10aTheories of personality /cBarry D. Smith, Harold J. Vetter. a2nd ed. aEnglewood Cliffs, N.J. :bPrentice Hall,cc1991. axiii, 428 p. :bill. ;c25 cm. aRev. ed. of: Theoretical approaches to personality. c1982. aIncludes bibliographical references. aIncludes index. 0aPersonality.1 aVetter, Harold J.1 aSmith, Barry D.tTheoretical approaches to personality.20230123133253.0 cNUST